<?xml version="1.0" encoding="UTF-8"?>
<collection xmlns="http://www.loc.gov/MARC21/slim">
<record>
  <controlfield tag="001">146428</controlfield>
  <controlfield tag="005">20241122150938.0</controlfield>
  <datafield tag="037" ind1=" " ind2=" ">
    <subfield code="a">TAZ-TFG-2024-3618</subfield>
  </datafield>
  <datafield tag="041" ind1=" " ind2=" ">
    <subfield code="a">spa</subfield>
  </datafield>
  <datafield tag="100" ind1="1" ind2=" ">
    <subfield code="a">Aguirrezabala Yubero, Marta</subfield>
  </datafield>
  <datafield tag="242" ind1="0" ind2="0">
    <subfield code="a">Patent Ductus Arteriosus in Small Animals</subfield>
  </datafield>
  <datafield tag="245" ind1="0" ind2="0">
    <subfield code="a">Conducto Arterioso Persistente en Pequeños Animales</subfield>
  </datafield>
  <datafield tag="260" ind1=" " ind2=" ">
    <subfield code="a">Zaragoza</subfield>
    <subfield code="b">Universidad de Zaragoza</subfield>
    <subfield code="c">2024</subfield>
  </datafield>
  <datafield tag="506" ind1=" " ind2=" ">
    <subfield code="a">by-nc-sa</subfield>
    <subfield code="b">Creative Commons</subfield>
    <subfield code="c">3.0</subfield>
    <subfield code="u">http://creativecommons.org/licenses/by-nc-sa/3.0/</subfield>
  </datafield>
  <datafield tag="520" ind1=" " ind2=" ">
    <subfield code="a">El Conducto Arterioso Persistente (PDA) es el defecto cardiaco congénito más frecuente en perros. Se produce debido a una anomalía en la masa muscular ductal, lo que evita el cierre del conducto tras el nacimiento, quedando así conectadas la arteria pulmonar y la aorta mediante un flujo de sangre que habitualmente suele ser de izquierda a derecha (de aorta a arteria pulmonar) por la diferencia de presiones de los sistemas vasculares. Este síndrome da lugar a hipertensión pulmonar, cuyo aumento en el tiempo puede derivar en la reversión del flujo de derecha a izquierda. El diagnóstico se realiza, además de por la detección de soplo cardiaco continuo, mediante técnicas de imagen, entre las que destacan la angiografía, la ecocardiografía y la ecografía transtorácica y transesofágica para poder determinar con exactitud la morfología y el tamaño del PDA. El tratamiento recomendado es el cierre del conducto mediante cirugía abierta o por intervencionismo siendo esta última opción la de elección, siempre y cuando el animal no sea muy pequeño.&lt;br />El presente trabajo tiene como objetivo realizar una revisión bibliográfica sobre el conducto arterioso persistente para entender su fisiopatología y tratar de comparar las diversas opciones recomendadas para su tratamiento.&lt;br />&lt;br /></subfield>
  </datafield>
  <datafield tag="521" ind1=" " ind2=" ">
    <subfield code="a">Graduado en Veterinaria</subfield>
  </datafield>
  <datafield tag="540" ind1=" " ind2=" ">
    <subfield code="a">Derechos regulados por licencia Creative Commons</subfield>
  </datafield>
  <datafield tag="856" ind1="0" ind2=" ">
    <subfield code="f">804773@unizar.es</subfield>
  </datafield>
  <datafield tag="856" ind1="4" ind2=" ">
    <subfield code="s">1467495</subfield>
    <subfield code="u">http://zaguan.unizar.es/record/146428/files/TAZ-TFG-2024-3618.pdf</subfield>
    <subfield code="y">Memoria (spa)</subfield>
  </datafield>
  <datafield tag="909" ind1="C" ind2="O">
    <subfield code="o">oai:zaguan.unizar.es:146428</subfield>
    <subfield code="p">driver</subfield>
    <subfield code="p">trabajos-fin-grado</subfield>
  </datafield>
  <datafield tag="950" ind1=" " ind2=" ">
    <subfield code="a"></subfield>
  </datafield>
  <datafield tag="691" ind1=" " ind2=" ">
    <subfield code="a">0</subfield>
  </datafield>
  <datafield tag="692" ind1=" " ind2=" ">
    <subfield code="a"></subfield>
  </datafield>
  <datafield tag="700" ind1=" " ind2=" ">
    <subfield code="a">Miana Mena, Francisco Javier</subfield>
    <subfield code="e">dir.</subfield>
  </datafield>
  <datafield tag="700" ind1=" " ind2=" ">
    <subfield code="a">Bonastre Ráfales, Cristina</subfield>
    <subfield code="e">dir.</subfield>
  </datafield>
  <datafield tag="710" ind1="2" ind2=" ">
    <subfield code="a">Universidad de Zaragoza</subfield>
    <subfield code="b">Farmacología, Fisiología y Medicina Legal y Forense</subfield>
    <subfield code="c">Fisiología</subfield>
  </datafield>
  <datafield tag="980" ind1=" " ind2=" ">
    <subfield code="a">TAZ</subfield>
    <subfield code="b">TFG</subfield>
    <subfield code="c">VET</subfield>
  </datafield>
  <datafield tag="999" ind1=" " ind2=" ">
    <subfield code="a">20240712112610.CREATION_DATE</subfield>
  </datafield>
  <datafield tag="951" ind1=" " ind2=" ">
    <subfield code="a">deposita:2024-11-22</subfield>
  </datafield>
</record>
</collection>